Statistiche per Stazioni della Metropolitana di Roma - Quiz con mappa

Clicka qui per fare il quiz!

Statistiche generali

  • Questo quiz è stato fatto 997 volte
  • Il punteggio medio è 24 su 73

Risposte nella Mappa

Le risposte nella mappa del quiz sottostante sono codificate secondo una scala di colori dal rosso al verde in base alla % di persone che hanno risposto correttamente.
 

Statistiche sulle risposte

Risposta% Corretto
Termini
58%
Anagnina
54%
Battistini
54%
San Giovanni
48%
Repubblica
46%
Spagna
46%
Baldo degli Ubaldi
45%
Barberini
44%
Rebibbia
44%
Colosseo
43%
Flaminio
43%
Jonio
43%
Laurentina
43%
Lepanto
43%
Ottaviano
43%
Vittorio Emanuele
42%
Cipro
41%
EUR Magliana
41%
Cornelia
40%
Bologna
39%
Cavour
39%
Cinecittà
39%
Circo Massimo
39%
Manzoni
39%
Re di Roma
39%
Valle Aurelia
38%
EUR Palasport
37%
Piramide
37%
Policlinico
37%
Basilica San Paolo
36%
Castro Pretorio
36%
EUR Fermi
36%
Garbatella
35%
Subaugusta
34%
Marconi
33%
Ponte Lungo
33%
Tiburtina
33%
Arco di Travertino
32%
Conca d'Oro
32%
Libia
32%
Sant'Agnese
- Annibaliano
32%
Furio Camillo
31%
Giulio Agricola
31%
Monte Compatri-Pantano
31%
Ponte Mammolo
31%
Colli Albani
29%
Lucio Sestio
29%
Monti Tiburtini
29%
Porta Furba
29%
Numidio Quadrato
28%
Santa Maria
del Soccorso
28%
Lodi
27%
Pietralata
27%
Alessandrino
26%
Quintiliani
26%
Pigneto
25%
Finocchio
24%
Graniti
24%
Borghesiana
23%
Gardenie
23%
Parco di Centocelle
23%
Torre Angela
23%
Malatesta
22%
Mirti
22%
Bolognetta
21%
Due Leoni-Fontana Candida
21%
Grotte Celoni
21%
Teano
21%
Torre Gaia
21%
Torre Spaccata
20%
Giardinetti
19%
Torre Maura
19%
Torrenova
17%

Distribuzione punteggi

Percentile per numero di risposta

Percentuale di utenti per punteggio

I tuoi punteggi nel tempo

Non hai fatto questo quiz